Acteurs ayant gagné un Oscar de A à Z - Statistiques

Statistiques générales
  • Ce quiz a été pris 424 fois
  • Le résultat moyen est 7 sur 23
Statistiques - réponses
Lettres Acteurs % Correct
D Leonardo DiCaprio / Daniel Day-Lewis / Jean Dujardin / Michael Douglas / Robert Duvall / Robert De Niro / Richard Dreyfuss / Robert Donat / Robert Downey Jr. / Melvyn Douglas / James Dunn
95%
P Joaquin Phoenix / Sean Penn / Al Pacino / Sidney Poitier / Gregory Peck / Brad Pitt / Christopher Plummer / Jack Palance / Joe Pesci
79%
B Jeff Bridges / Adrien Brody / Roberto Benigni / Marlon Brando / Yul Brynner / Ernest Borgnine / Humphrey Bogart / Wallace Beery / Lionel Barrymore / Warner Baxter / Christian Bale / Javier Bardem / Jim Broadbent / Martin Balsam / Ed Begley / Walter Brennan / George Burns
57%
H Anthony Hopkins / Tom Hanks / Dustin Hoffman / William Hurt / Philip Seymour Hoffman / Gene Hackman / Rex Harrison / Charlton Heston / William Holden / Timothy Hutton / John Houseman / Walter Huston / Van Heflin
56%
C Russell Crowe / Nicolas Cage / Art Carney / Gary Cooper / Broderick Crawford / Ronald Colman / Bing Crosby / James Cagney / George Clooney / Michael Caine / James Coburn / Sean Connery / George Chakiris / Charles Coburn / Donald Crisp / Chris Cooper
53%
W Forest Whitaker / Denzel Washington / John Wayne / Christoph Waltz / Robin Williams / Christopher Walken
51%
F Brendan Fraser / Colin Firth / Jamie Foxx / Henry Fonda / Peter Finch / José Ferrer / Morgan Freeman / Barry Fitzgerald
46%
M Cillian Murphy / Rami Malek / Matthew McConaughey / Lee Marvin / Fredric March / Ray Milland / Paul Muni / Victor McLaglen / John Mills / Walter Matthau / Karl Malden / Thomas Mitchell
45%
S Will Smith / Kevin Spacey / George C. Scott / Rod Steiger / Paul Scofield / Maximilian Schell / James Stewart / J. K. Simmons / Frank Sinatra / George Sanders / Joseph Schildkraut
43%
N Jack Nicholson / Paul Newman / David Niven / Haing S. Ngor
38%
L Jack Lemmon / Burt Lancaster / Paul Lukas / Charles Laughton / Jared Leto / Heath Ledger / Martin Landau
26%
A Casey Affleck / F. Murray Abraham / George Arliss / Mahershala Ali / Alan Arkin / Don Ameche / Jack Albertson
25%
O Gary Oldman / Laurence Olivier / Edmond O'Brien
21%
R Eddie Redmayne / Geoffrey Rush / Cliff Robertson / Sam Rockwell / Mark Rylance / Tim Robbins / Jason Robards / Red Buttons / Harold Russell
16%
J Emil Jannings / Tommy Lee Jones / Ben Johnson / Dean Jagger
15%
G Alec Guinness / Clark Gable / Cuba Gooding Jr. / Louis Gossett Jr. / John Gielgud / Joel Grey / Hugh Griffith / Edmund Gwenn
14%
K Ben Kingsley / Troy Kotsur / Daniel Kaluuya / Kevin Kline / George Kennedy
11%
Q Ke Huy Quan / Anthony Quinn
9%
T Spencer Tracy / Benicio del Toro
9%
I Jeremy Irons / Burl Ives
7%
Y Gig Young
5%
V Jon Voight
5%
U Peter Ustinov
3%
Aucun quiz correspondant
Distribution des résultats
% des personnes avec chaque résultat
Percentile par nombre de réponses
Votre historique - résultats
Vous n’avez pas pris ce quiz